000 01006nam a2200301 i 4500
003 EG-GICUC
005 20260121101441.0
008 251208s1947 us ||||fr|||| 001 0 eng d
040 _aEG-GiCUC
_beng
_cEG-GiCUC
_dEG-GiCUC
_erda
041 _aeng
082 0 4 _221
_a341.48
_bKR . I
092 0 4 _221
099 _aLaw1 11 341.48 KR . I 1947
100 1 _aKravchenko, Victor,
_eAuthor.
245 1 0 _aI chose Freedom :
_bthe personal and political life of a soviet official /
_cKravchenko, Victor.
264 1 _aNew york :
_bGarden city publishing co , inc,
_c1947.
300 _a496 pages ;
_c24 cm.
336 _2rda content
_atext
337 _2rda media
_aComputer
338 _2rda carrier
_aOnline Resource
504 _aincludes bibliographical references And index
546 _aText in English
650 1 4 _ahuman rights
_xPublic international law
651 1 _2qrmak
856 4 0 _uhttps://fll.law.cu.edu.eg/fulltext/bks/B11-05345.pdf
905 _a75
_eHassnaa
942 _2ddc
_n0
_cBK
_e21
999 _c49105
_d49105